| 000 | 00719cab a2200229 4500 | ||
|---|---|---|---|
| 001 | WB2901-19 | ||
| 008 | 090401t1992 xxu||||| |||| 00| 0 eng d | ||
| 035 | _a(Sirsi) u18270 | ||
| 041 | _aeng | ||
| 245 | _aCapital for school buildings | ||
| 260 | _c1992 | ||
| 350 | _a0 | ||
| 490 |
_aDepartment for Education News _v(413/92) 16 December 1992 (19) |
||
| 520 | _aFunds totally £575.2m have been allocated for school buildings in both the public and private sectors. Tabulates capital allocations by borough. | ||
| 650 | _aCAPITAL RECEIPTS | ||
| 650 | _aCAPITAL SPENDING | ||
| 650 | _aLOCAL AUTHORITIES | ||
| 650 | _aSCHOOL BUILDINGS | ||
| 690 | _aECONOMIC AND SOCIAL | ||
| 942 | _n0 | ||
| 948 | _c04/03/1997 | ||
| 999 |
_c12126 _d12126 |
||